00530cam a2200181Ia 450000100090000000300060000900500170001500800410003201000130007304000280008605000100011408200100012410000220013424500780015626000550023430000210028963000380031011207425OCoLC20221116100929.0930414s1963 scu 000 0 eng d a63021467 aHDLcHDLdm/cdOCLdATH bG799E bG799E1 aGreene, Oliver B.14aThe epistle of Paul the Apostle to the Colossians /cby Oliver B. Greene. aGreenville, S.C. :bThe Gospel Hour, Inc.,cc1963. a235 p. ;c20 cm.00aBible.pColossiansvCommentaries.